000 00717nam a2200253 i 4500
001 17253
003 ES-MaACL
005 20230906151531.0
007 t|
008 010124s2000 sp ||||0| spa j
020 _a84-339-6650-2
040 _aM-BN
_bspa
_cM-BN
080 _a821.111-31"19"
100 1 _aLodge, David.
_973068
245 1 0 _aFuera del cascarón /
_cDavid Lodge ; traducción de Carme Camps.
260 _aBarcelona :
_bAnagrama,
_c[2000]
300 _a310 p. ;
_c21 cm.
490 1 _aCompactos Anagrama ;
_v219
700 1 _aCamps, Carmen.
_934310
830 0 _aCompactos Anagrama ;
_v219
_9180205
852 _aES-MaACL
_jL-24126
_bR.129245
999 _c17253
_d17253